000 00580nam a2200217 a 4500
001 BRCA_8319
005 20190320210226.0
008 250614s1952----nyua###f##---#001-0#eng-#
041 _aeng
044 _aenk
050 4 _aN5300
_b.B76 1952
100 1 _aBraun-Vogelstein, Julie
_920774
245 1 0 _aArt
_bthe image of the West
_cJulie Braun-Vogelstein
260 _aNueva York
_bPantheon
_c1952
300 _axi, 245 p.
_bil.
_c24 cm.
500 _aR9
650 1 4 _aArte occidental
_vExposiciones
_920775
650 1 4 _aArte
_xHistoria
_920776
902 _aGFM
942 _2lcc
_cB
999 _c7987
_d7987